00740nas a2200217 4545000010006000000050017000060080037000230030015000600400040000750800039001152450031001540220014001852640049001993100092002480410008003401000022003486500012003706500031003826500013004138560096004264343820260407193511.0260407s1983####ag###########|||spa#dAR-UNSa-BCEJYS aAR-UNSa-BCEJYSbspacAR-UNSa-BCEJYS a331.101.26xEconomía del trabajo10aJournal of labor economics a0734-306X 1aChicago :bUniversity of Chicago Pressc1983 aFrecuencia: Trimestral Cambia de Director a partir del Vol. 19, Nº 4 por Derek A. Neal aspa1 aLazear, Edward P. aTrabajo aDistribución del ingreso aECONOMIA41uhttps://biblioeco.unsa.edu.ar/pmb/images/revistas/R21249.jpgyImagen de portadaqimage/jpeg